00606 a2200181 450000100060000002000180000604000220002410000190004624000310006524500290009630000080012536200090013365000350014294200070017795201160018495201070030099900170040768277 a9788466817431 cAnchieta - Pituba aStyring, James10aEscape from pizza palacel10aEscape from pizza palace a1200 a2014 4aLiteratura juvenil em inglês cBK 00104070a91.1b91.1d2023-11-21l0oLJ 028.573 S929e STY ESCp23777/PITr2023-11-21 18:36:19w2023-11-21yBK 00104070a12.22b12.22d2024-04-30l0o420 STY ESCpEST00011575r2024-04-30 22:14:23w2024-04-30yBK c68277d68277